अनोखी प्रेम कहानियाँ/ (Record no. 203239)

MARC details
000 -LEADER
fixed length control field 00817nam a22002177a 4500
005 - DATE AND TIME OF LATEST TRANSACTION
control field 20240524150733.0
010 ## - LCCN (DPL NO)
LC control number HIN-127706
020 ## - INTERNATIONAL STANDARD BOOK NUMBER
Terms of availability 300.00
International Standard Book Number 9788180600876
035 ## - SYSTEM CONTROL NUMBER
System control number HN-100052
037 ## - SOURCE OF ACQUISITION
Source of stock number/acquisition DBAD
082 ## - DEWEY DECIMAL CLASSIFICATION NUMBER
Classification number
100 ## - MAIN ENTRY--PERSONAL NAME
Personal name शर्मा, अनुज
245 ## - TITLE STATEMENT
Title अनोखी प्रेम कहानियाँ/
Statement of responsibility, etc अनुज शर्मा
250 ## - EDITION STATEMENT
Edition statement प्रथम
260 ## - PUBLICATION, DISTRIBUTION, ETC. (IMPRINT)
Place of publication, distribution, etc दिल्ली
Name of publisher, distributor, etc कृति प्रकाशन
Date of publication, distribution, etc 2022
270 ## - ADDRESS
Address 4/32 प्रथम तल, सुभाष गली, विश्वास नगर, शाहदरा,
City दिल्ली
Telephone number 9425210308
Postal code 110032
300 ## - PHYSICAL DESCRIPTION
Extent 128पृ.
Dimensions 23सेमी (सजिल्द)
700 ## - ADDED ENTRY--PERSONAL NAME
9 (RLIN) 61637
700 ## - ADDED ENTRY--PERSONAL NAME
Personal name
9 (RLIN) 61638
942 ## - ADDED ENTRY ELEMENTS (KOHA)
Source of classification or shelving scheme Dewey Decimal Classification
Item type Hindi Books
Classification part
Call number suffix शर्माअ
Holdings
Withdrawn status Lost status Not for loan Collection code Home library Current library Date acquired Source of acquisition Cost, normal purchase price Full call number Barcode Copy number Cost, replacement price Koha item type
      Fiction Central Library Central Library 24/05/2024 DBAD 300.00 क शर्माअ HN-100052 1 300.00 Hindi Books

© Delhi Public Library
Hit Counter
free hit counter